[Event "Villarobledo Online Qualifyer"]
[Site "playchess.com #155672"]
[Date "2009.05.23"]
[Round "12"]
[White "Jebe"]
[Black "MateJaque"]
[Result "0-1"]
[WhiteElo "2028"]
[BlackElo "2149"]
[PlyCount "104"]
[EventDate "2009.05.23"]
[EventType "swiss (blitz)"]

1. d4 {[%emt 0:00:03]} d5 {[%emt 0:00:02]} 2. c4 {[%emt 0:00:02]} c6 {[%emt 0:
00:01]} 3. Nc3 {[%emt 0:00:01]} Nf6 {[%emt 0:00:01]} 4. cxd5 {[%emt 0:00:01]}
cxd5 {[%emt 0:00:05]} 5. Nf3 {[%emt 0:00:01]} Nc6 {[%emt 0:00:01]} 6. Bg5 {
[%emt 0:00:03]} e6 {[%emt 0:00:02]} 7. e3 {[%emt 0:00:02]} Qb6 {[%emt 0:00:03]}
8. Bxf6 {[%emt 0:00:09]} gxf6 {[%emt 0:00:07]} 9. Qd2 {[%emt 0:00:14]} Rg8 {
[%emt 0:00:05]} 10. Bd3 {[%emt 0:00:04]} Rxg2 {[%emt 0:00:06]} 11. Kf1 {[%emt
0:00:01]} Rg7 {[%emt 0:00:03]} 12. Rg1 {[%emt 0:00:02]} Rxg1+ {[%emt 0:00:02]}
13. Kxg1 {[%emt 0:00:01]} h6 {[%emt 0:00:01]} 14. Rc1 {[%emt 0:00:18]} Bd7 {
[%emt 0:00:01]} 15. Nb5 {[%emt 0:00:06]} a6 {[%emt 0:00:06]} 16. Nc3 {[%emt 0:
00:04]} O-O-O {[%emt 0:00:09]} 17. Na4 {[%emt 0:00:01]} Qb4 {[%emt 0:00:08]}
18. Nc3 {[%emt 0:00:05]} Be7 {[%emt 0:00:12]} 19. a3 {[%emt 0:00:01]} Qd6 {
[%emt 0:00:06]} 20. b4 {[%emt 0:00:02]} Kb8 {[%emt 0:00:02]} 21. b5 {[%emt 0:
00:01]} Na7 {[%emt 0:00:15]} 22. bxa6 {[%emt 0:00:02]} bxa6 {[%emt 0:00:01]}
23. Rb1+ {[%emt 0:00:11]} Ka8 {[%emt 0:00:02]} 24. Qe2 {[%emt 0:00:07]} Rb8 {
[%emt 0:00:12]} 25. Bxa6 {[%emt 0:00:28]} Qxa3 {[%emt 0:00:07]} 26. Rxb8+ {
[%emt 0:00:16]} Kxb8 {[%emt 0:00:02]} 27. Bb5 {[%emt 0:00:04]} Bxb5 {[%emt 0:
00:07]} 28. Nxb5 {[%emt 0:00:01]} Qa6 {[%emt 0:00:03]} 29. Nc3 {[%emt 0:00:01]}
Qxe2 {[%emt 0:00:03]} 30. Nxe2 {[%emt 0:00:01]} Bd6 {[%emt 0:00:09]} 31. Nc3 {
[%emt 0:00:05]} Kc7 {[%emt 0:00:02]} 32. Kg2 {[%emt 0:00:00]} Kb6 {[%emt 0:00:
03]} 33. Kh3 {[%emt 0:00:01]} Ka5 {[%emt 0:00:05]} 34. Kh4 {[%emt 0:00:01]} Kb4
{[%emt 0:00:01]} 35. Ne2 {[%emt 0:00:01]} Kc4 {[%emt 0:00:03]} 36. Kh5 {[%emt
0:00:01]} Bf8 {[%emt 0:00:01]} 37. Ng3 {[%emt 0:00:10]} Nb5 {[%emt 0:00:07]}
38. h4 {[%emt 0:00:05]} Nd6 {[%emt 0:00:01]} 39. Nh2 {[%emt 0:00:02]} f5 {
[%emt 0:00:04]} 40. Nf3 {[%emt 0:00:38]} Kd3 {[%emt 0:00:14]} 41. Ne5+ {[%emt
0:00:02]} Kd2 {[%emt 0:00:01]} 42. Nxf7 {[%emt 0:00:04]} Nxf7 {[%emt 0:00:01]}
43. Kg6 {[%emt 0:00:00]} Nd8 {[%emt 0:00:03]} 44. h5 {[%emt 0:00:27]} Ke1 {
[%emt 0:00:01]} 45. Nxf5 {[%emt 0:00:02]} exf5 {[%emt 0:00:03]} 46. Kxf5 {
[%emt 0:00:01]} Kxf2 {[%emt 0:00:01]} 47. e4 {[%emt 0:00:04]} dxe4 {[%emt 0:00:
01]} 48. Kxe4 {[%emt 0:00:00]} Kg3 {[%emt 0:00:01]} 49. Kf5 {[%emt 0:00:01]}
Kh4 {[%emt 0:00:02]} 50. Kg6 {[%emt 0:00:01]} Kg4 {[%emt 0:00:03]} 51. d5 {
[%emt 0:00:01]} Kf4 {[%emt 0:00:01]} 52. d6 {[%emt 0:00:01]} Ke5 {[%emt 0:00:
02] Zeit} 0-1

[Event "Villarobledo Online Qualifyer"]
[Site "playchess.com #155672"]
[Date "2009.05.23"]
[Round "12"]
[White "Buster hyman"]
[Black "Dreistein"]
[Result "0-1"]
[WhiteElo "1744"]
[BlackElo "1873"]
[PlyCount "78"]
[EventDate "2009.05.23"]
[EventType "swiss (blitz)"]

1. e4 {[%emt 0:00:01]} c5 {[%emt 0:00:01]} 2. Nf3 {[%emt 0:00:02]} Nc6 {[%emt
0:00:01]} 3. d4 {[%emt 0:00:03]} cxd4 {[%emt 0:00:00]} 4. Nxd4 {[%emt 0:00:01]}
Nf6 {[%emt 0:00:00]} 5. Nc3 {[%emt 0:00:02]} e5 {[%emt 0:00:01]} 6. Ndb5 {
[%emt 0:00:01]} d6 {[%emt 0:00:01]} 7. Nd5 {[%emt 0:00:01]} Nxd5 {[%emt 0:00:
02]} 8. exd5 {[%emt 0:00:01]} Nb8 {[%emt 0:00:00]} 9. Qf3 {[%emt 0:00:01]} a6 {
[%emt 0:00:02]} 10. Qa3 {[%emt 0:00:04]} Be7 {[%emt 0:00:03]} 11. Be3 {[%emt 0:
00:18]} O-O {[%emt 0:00:06]} 12. Be2 {[%emt 0:00:15]} f5 {[%emt 0:00:03]} 13.
f4 {[%emt 0:00:03]} Nd7 {[%emt 0:00:07]} 14. O-O {[%emt 0:00:11]} Nb6 {[%emt 0:
01:10]} 15. Nc3 {[%emt 0:00:31]} exf4 {[%emt 0:00:12]} 16. Bxf4 {[%emt 0:00:06]
} g5 {[%emt 0:00:01]} 17. Be3 {[%emt 0:00:11]} f4 {[%emt 0:00:03]} 18. Bd4 {
[%emt 0:00:10]} Bf6 {[%emt 0:00:18]} 19. Qb4 {[%emt 0:00:18]} Bxd4+ {[%emt 0:
00:08]} 20. Qxd4 {[%emt 0:00:04]} Nd7 {[%emt 0:00:01]} 21. Ne4 {[%emt 0:00:24]}
Ne5 {[%emt 0:00:26]} 22. c4 {[%emt 0:00:34]} Bf5 {[%emt 0:00:09]} 23. Bd3 {
[%emt 0:00:01]} Rc8 {[%emt 0:00:19]} 24. Rae1 {[%emt 0:00:02]} Nxd3 {[%emt 0:
00:12]} 25. Qxd3 {[%emt 0:00:02]} Qb6+ {[%emt 0:00:02]} 26. Kh1 {[%emt 0:00:02]
} Qxb2 {[%emt 0:00:04]} 27. Rb1 {[%emt 0:00:13]} Qe5 {[%emt 0:00:02]} 28. Rbe1
{[%emt 0:00:08]} Rfe8 {[%emt 0:00:07]} 29. Qf3 {[%emt 0:00:01]} Bxe4 {[%emt 0:
00:02]} 30. Qg4 {[%emt 0:00:03]} Qf5 {[%emt 0:00:02]} 31. Qh5 {[%emt 0:00:02]}
Qg6 {[%emt 0:00:02]} 32. Qg4 {[%emt 0:00:01]} Bf5 {[%emt 0:00:01]} 33. Qf3 {
[%emt 0:00:01]} Rxe1 {[%emt 0:00:02]} 34. Rxe1 {[%emt 0:00:00]} Rxc4 {[%emt 0:
00:02]} 35. h3 {[%emt 0:00:02]} Be4 {[%emt 0:00:03]} 36. Qe2 {[%emt 0:00:05]}
Rc2 {[%emt 0:00:03]} 37. Qg4 {[%emt 0:00:05]} Rxg2 {[%emt 0:00:04]} 38. Qc8+ {
[%emt 0:00:02]} Kg7 {[%emt 0:00:02]} 39. Qxb7+ {[%emt 0:00:03]} Kh6 {[%emt 0:
00:02] Time} 0-1

[Event "Villarobledo Online Qualifyer"]
[Site "playchess.com #155672"]
[Date "2009.05.23"]
[Round "12"]
[White "Antlew3"]
[Black "Mtudorache"]
[Result "0-1"]
[WhiteElo "1715"]
[BlackElo "1742"]
[PlyCount "160"]
[EventDate "2009.05.23"]
[EventType "swiss (blitz)"]

1. c4 {[%emt 0:00:01]} e5 {[%emt 0:00:01]} 2. b3 {[%emt 0:00:00]} g6 {[%emt 0:
00:02]} 3. Bb2 {[%emt 0:00:00]} Bg7 {[%emt 0:00:00]} 4. g3 {[%emt 0:00:01]} d6
{[%emt 0:00:01]} 5. Bg2 {[%emt 0:00:00]} Nc6 {[%emt 0:00:00]} 6. e3 {[%emt 0:
00:00]} Nge7 {[%emt 0:00:01]} 7. Ne2 {[%emt 0:00:00]} O-O {[%emt 0:00:00]} 8.
O-O {[%emt 0:00:00]} f5 {[%emt 0:00:00]} 9. d4 {[%emt 0:00:00]} h6 {[%emt 0:00:
06]} 10. Nbc3 {[%emt 0:00:02]} Kh7 {[%emt 0:00:02]} 11. Qc2 {[%emt 0:00:04]} e4
{[%emt 0:00:02]} 12. Rad1 {[%emt 0:00:03]} d5 {[%emt 0:00:03]} 13. Nf4 {[%emt
0:00:03]} dxc4 {[%emt 0:00:07]} 14. bxc4 {[%emt 0:00:01]} Nb4 {[%emt 0:00:08]}
15. Qb3 {[%emt 0:00:01]} a5 {[%emt 0:00:04]} 16. a3 {[%emt 0:00:03]} Na6 {
[%emt 0:00:01]} 17. Nfd5 {[%emt 0:00:04]} b6 {[%emt 0:00:17]} 18. Nxe7 {[%emt
0:00:05]} Qxe7 {[%emt 0:00:01]} 19. Nd5 {[%emt 0:00:01]} Qd7 {[%emt 0:00:04]}
20. Nf4 {[%emt 0:00:17]} Rb8 {[%emt 0:00:04]} 21. d5 {[%emt 0:00:02]} Nc5 {
[%emt 0:00:11]} 22. Qa2 {[%emt 0:00:09]} Qd6 {[%emt 0:00:16]} 23. Bxg7 {[%emt
0:00:14]} Kxg7 {[%emt 0:00:00]} 24. Qb2+ {[%emt 0:00:08]} Qf6 {[%emt 0:00:01]}
25. Qxf6+ {[%emt 0:00:14]} Rxf6 {[%emt 0:00:00]} 26. d6 {[%emt 0:00:01]} Rxd6 {
[%emt 0:00:03]} 27. Rxd6 {[%emt 0:00:02]} cxd6 {[%emt 0:00:00]} 28. Rd1 {[%emt
0:00:01]} Nb7 {[%emt 0:00:05]} 29. Bf1 {[%emt 0:00:07]} g5 {[%emt 0:00:06]} 30.
Nd5 {[%emt 0:00:01]} Nc5 {[%emt 0:00:03]} 31. Ne7 {[%emt 0:00:02]} Nb7 {[%emt
0:00:20]} 32. Rd5 {[%emt 0:00:17]} Kf6 {[%emt 0:00:06]} 33. Ng8+ {[%emt 0:00:
06]} Kg7 {[%emt 0:00:02]} 34. Ne7 {[%emt 0:00:01]} Be6 {[%emt 0:00:16]} 35. Rd4
{[%emt 0:00:04]} Kf6 {[%emt 0:00:05]} 36. Nd5+ {[%emt 0:00:09]} Bxd5 {[%emt 0:
00:02]} 37. cxd5 {[%emt 0:00:01]} Nc5 {[%emt 0:00:09]} 38. Bb5 {[%emt 0:00:02]}
Rc8 {[%emt 0:00:05]} 39. Bc6 {[%emt 0:00:01]} Rc7 {[%emt 0:00:07]} 40. a4 {
[%emt 0:00:04]} Na6 {[%emt 0:00:05]} 41. Kg2 {[%emt 0:00:07]} Nb4 {[%emt 0:00:
01]} 42. Rc4 {[%emt 0:00:09]} Ke5 {[%emt 0:00:01]} 43. Bb5 {[%emt 0:00:08]}
Rxc4 {[%emt 0:00:02]} 44. Bxc4 {[%emt 0:00:01]} Nxd5 {[%emt 0:00:01]} 45. f4+ {
[%emt 0:00:06]} exf3+ {[%emt 0:00:01]} 46. Kxf3 {[%emt 0:00:01]} Nc3 {[%emt 0:
00:03]} 47. Bb3 {[%emt 0:00:05]} d5 {[%emt 0:00:05]} 48. g4 {[%emt 0:00:02]}
fxg4+ {[%emt 0:00:01]} 49. Kxg4 {[%emt 0:00:01]} Ne4 {[%emt 0:00:04]} 50. Kh5 {
[%emt 0:00:11]} Nc5 {[%emt 0:00:02]} 51. Bc2 {[%emt 0:00:03]} Kf6 {[%emt 0:00:
02]} 52. Kxh6 {[%emt 0:00:01]} Ne6 {[%emt 0:00:01]} 53. Kh5 {[%emt 0:00:01]} d4
{[%emt 0:00:01]} 54. exd4 {[%emt 0:00:03]} Nxd4 {[%emt 0:00:01]} 55. Bd1 {
[%emt 0:00:01]} b5 {[%emt 0:00:05]} 56. axb5 {[%emt 0:00:02]} Nxb5 {[%emt 0:00:
00]} 57. Kg4 {[%emt 0:00:03]} Nc3 {[%emt 0:00:01]} 58. Be2 {[%emt 0:00:16]}
Nxe2 {[%emt 0:00:01]} 59. h4 {[%emt 0:00:03]} gxh4 {[%emt 0:00:01]} 60. Kxh4 {
[%emt 0:00:00]} Ke5 {[%emt 0:00:01]} 61. Kg4 {[%emt 0:00:00]} Kd4 {[%emt 0:00:
00]} 62. Kf3 {[%emt 0:00:00]} Kc3 {[%emt 0:00:00]} 63. Kxe2 {[%emt 0:00:01]}
Kb2 {[%emt 0:00:00]} 64. Kd1 {[%emt 0:00:01]} a4 {[%emt 0:00:00]} 65. Kd2 {
[%emt 0:00:00]} a3 {[%emt 0:00:00]} 66. Kd3 {[%emt 0:00:00]} a2 {[%emt 0:00:00]
} 67. Kd2 {[%emt 0:00:00]} a1=Q {[%emt 0:00:00]} 68. Kd3 {[%emt 0:00:00]} Qc1 {
[%emt 0:00:00]} 69. Ke2 {[%emt 0:00:01]} Kc3 {[%emt 0:00:02]} 70. Kf2 {[%emt 0:
00:02]} Qd2+ {[%emt 0:00:00]} 71. Kf3 {[%emt 0:00:01]} Kd3 {[%emt 0:00:01]} 72.
Kg3 {[%emt 0:00:02]} Qe2 {[%emt 0:00:01]} 73. Kf4 {[%emt 0:00:02]} Qe3+ {[%emt
0:00:01]} 74. Kg4 {[%emt 0:00:01]} Qf2 {[%emt 0:00:01]} 75. Kh3 {[%emt 0:00:01]
} Qg1 {[%emt 0:00:01]} 76. Kh4 {[%emt 0:00:01]} Ke3 {[%emt 0:00:00]} 77. Kh5 {
[%emt 0:00:01]} Kf4 {[%emt 0:00:00]} 78. Kh6 {[%emt 0:00:01]} Kf5 {[%emt 0:00:
00]} 79. Kh7 {[%emt 0:00:01]} Kf6 {[%emt 0:00:01]} 80. Kh8 {[%emt 0:00:01]}
Qg7# {[%emt 0:00:02]} 0-1

[Event "Villarobledo Online Qualifyer"]
[Site "playchess.com #155672"]
[Date "2009.05.23"]
[Round "12"]
[White "Slavmonster"]
[Black "Chofis"]
[Result "0-1"]
[WhiteElo "2057"]
[BlackElo "1736"]
[PlyCount "158"]
[EventDate "2009.05.23"]
[EventType "swiss (blitz)"]

1. e4 {[%emt 0:00:00]} e5 {[%emt 0:00:05]} 2. Nf3 {[%emt 0:00:01]} Nc6 {[%emt
0:00:01]} 3. Bb5 {[%emt 0:00:01]} a6 {[%emt 0:00:02]} 4. Ba4 {[%emt 0:00:02]}
Nf6 {[%emt 0:00:02]} 5. O-O {[%emt 0:00:02]} b5 {[%emt 0:00:00]} 6. Bb3 {[%emt
0:00:04]} Be7 {[%emt 0:00:01]} 7. Re1 {[%emt 0:00:03]} O-O {[%emt 0:00:02]} 8.
h3 {[%emt 0:00:04]} d6 {[%emt 0:00:02]} 9. c3 {[%emt 0:00:03]} Na5 {[%emt 0:00:
02]} 10. Bc2 {[%emt 0:00:01]} c5 {[%emt 0:00:01]} 11. d4 {[%emt 0:00:04]} Qc7 {
[%emt 0:00:01]} 12. Nbd2 {[%emt 0:00:04]} Re8 {[%emt 0:00:06]} 13. Nf1 {[%emt
0:00:33]} Nc6 {[%emt 0:00:05]} 14. d5 {[%emt 0:00:22]} Nb8 {[%emt 0:00:02]} 15.
a4 {[%emt 0:00:12]} Bb7 {[%emt 0:00:02]} 16. b4 {[%emt 0:00:34]} Nbd7 {[%emt 0:
00:03]} 17. Qe2 {[%emt 0:00:25]} c4 {[%emt 0:00:02]} 18. a5 {[%emt 0:00:22]}
Bf8 {[%emt 0:00:04]} 19. Bg5 {[%emt 0:00:10]} h6 {[%emt 0:00:02]} 20. Bh4 {
[%emt 0:00:05]} g6 {[%emt 0:00:05]} 21. Ne3 {[%emt 0:00:07]} Bg7 {[%emt 0:00:
02]} 22. Nh2 {[%emt 0:00:01]} Nh5 {[%emt 0:00:05]} 23. Qg4 {[%emt 0:00:07]}
Ndf6 {[%emt 0:00:04]} 24. Qf3 {[%emt 0:00:05]} Bc8 {[%emt 0:00:06]} 25. Nhg4 {
[%emt 0:00:01]} Nxg4 {[%emt 0:00:02]} 26. Nxg4 {[%emt 0:00:02]} Bxg4 {[%emt 0:
00:08]} 27. hxg4 {[%emt 0:00:02]} g5 {[%emt 0:00:06]} 28. gxh5 {[%emt 0:00:04]}
gxh4 {[%emt 0:00:01]} 29. Qg4 {[%emt 0:00:02]} Qe7 {[%emt 0:00:01]} 30. Re3 {
[%emt 0:00:01]} Qg5 {[%emt 0:00:02]} 31. Qh3 {[%emt 0:00:02]} Qxh5 {[%emt 0:00:
06]} 32. Rf3 {[%emt 0:00:01]} Re7 {[%emt 0:00:03]} 33. Rf5 {[%emt 0:00:01]} Qe2
{[%emt 0:00:05]} 34. Qxh4 {[%emt 0:00:01]} Qxc2 {[%emt 0:00:03]} 35. Qxe7 {
[%emt 0:00:01]} Rf8 {[%emt 0:00:10]} 36. Re1 {[%emt 0:00:06]} Qxc3 {[%emt 0:00:
02]} 37. Qxd6 {[%emt 0:00:01]} Qxe1+ {[%emt 0:00:02]} 38. Kh2 {[%emt 0:00:00]}
Qxe4 {[%emt 0:00:01]} 39. Rf3 {[%emt 0:00:02]} Qd4 {[%emt 0:00:06]} 40. Rg3 {
[%emt 0:00:02]} e4 {[%emt 0:00:03]} 41. Qxh6 {[%emt 0:00:06]} Rd8 {[%emt 0:00:
10]} 42. d6 {[%emt 0:00:01]} Qe5 {[%emt 0:00:32] '} 43. Kh3 {[%emt 0:00:04]}
Qe6+ {[%emt 0:00:04]} 44. Qxe6 {[%emt 0:00:06]} fxe6 {[%emt 0:00:01]} 45. Re3 {
[%emt 0:00:00]} Rxd6 {[%emt 0:00:02]} 46. Rxe4 {[%emt 0:00:00]} c3 {[%emt 0:00:
03]} 47. Re2 {[%emt 0:00:01]} Rd2 {[%emt 0:00:02]} 48. Re1 {[%emt 0:00:01]} c2
{[%emt 0:00:01]} 49. Rc1 {[%emt 0:00:01]} Bb2 {[%emt 0:00:03]} 50. Rxc2 {[%emt
0:00:03]} Rxc2 {[%emt 0:00:01]} 51. Kg3 {[%emt 0:00:00]} Rc4 {[%emt 0:00:01]}
52. Kf3 {[%emt 0:00:00]} Rxb4 {[%emt 0:00:01]} 53. Ke3 {[%emt 0:00:00]} Bd4+ {
[%emt 0:00:02]} 54. Kf3 {[%emt 0:00:02]} e5 {[%emt 0:00:02]} 55. g4 {[%emt 0:
00:01]} Ra4 {[%emt 0:00:01]} 56. Ke4 {[%emt 0:00:01]} Rxa5 {[%emt 0:00:01]} 57.
f4 {[%emt 0:00:01]} exf4 {[%emt 0:00:02]} 58. Kxd4 {[%emt 0:00:01]} Ra4+ {
[%emt 0:00:01]} 59. Ke5 {[%emt 0:00:01]} f3 {[%emt 0:00:01]} 60. g5 {[%emt 0:
00:01]} f2 {[%emt 0:00:04]} 61. g6 {[%emt 0:00:00]} f1=Q {[%emt 0:00:03]} 62.
g7 {[%emt 0:00:00]} Qe2+ {[%emt 0:00:03]} 63. Kd5 {[%emt 0:00:01]} Qd3+ {[%emt
0:00:01]} 64. Kc5 {[%emt 0:00:01]} Rc4+ {[%emt 0:00:01]} 65. Kb6 {[%emt 0:00:
00]} Qd5 {[%emt 0:00:01]} 66. Ka5 {[%emt 0:00:03]} Ra4+ {[%emt 0:00:02]} 67.
Kb6 {[%emt 0:00:00]} Qd8+ {[%emt 0:00:02]} 68. Kb7 {[%emt 0:00:02]} Qd7+ {
[%emt 0:00:02]} 69. Kb6 {[%emt 0:00:01]} b4 {[%emt 0:00:03]} 70. Kc5 {[%emt 0:
00:03]} b3 {[%emt 0:00:01]} 71. Kb6 {[%emt 0:00:01]} b2 {[%emt 0:00:01]} 72.
Kc5 {[%emt 0:00:01]} Qb5+ {[%emt 0:00:02]} 73. Kd6 {[%emt 0:00:02]} b1=Q {
[%emt 0:00:04]} 74. Kc7 {[%emt 0:00:01]} Qc2+ {[%emt 0:00:01]} 75. Kd6 {[%emt
0:00:01]} Rd4+ {[%emt 0:00:01]} 76. Ke7 {[%emt 0:00:01]} Qbe2+ {[%emt 0:00:01]}
77. Kf6 {[%emt 0:00:01]} Rf4+ {[%emt 0:00:01]} 78. Kg5 {[%emt 0:00:01]} Qf5+ {
[%emt 0:00:01]} 79. Kh6 {[%emt 0:00:01]} Rh4# {[%emt 0:00:01]} 0-1

[Event "Villarobledo Online Qualifyer"]
[Site "playchess.com #155672"]
[Date "2009.05.23"]
[Round "12"]
[White "Mtv star"]
[Black "Promotionfou"]
[Result "1-0"]
[WhiteElo "2356"]
[BlackElo "2155"]
[PlyCount "103"]
[EventDate "2009.05.23"]
[EventType "swiss (blitz)"]

1. d4 {[%emt 0:00:02]} d5 {[%emt 0:00:02]} 2. e3 {[%emt 0:00:00]} Nf6 {[%emt 0:
00:01]} 3. f4 {[%emt 0:00:02]} g6 {[%emt 0:00:01]} 4. Nf3 {[%emt 0:00:00]} Bg7
{[%emt 0:00:01]} 5. c3 {[%emt 0:00:00]} O-O {[%emt 0:00:01]} 6. Bd3 {[%emt 0:
00:00]} c6 {[%emt 0:00:00]} 7. O-O {[%emt 0:00:01]} Ne4 {[%emt 0:00:01]} 8.
Nbd2 {[%emt 0:00:01]} f5 {[%emt 0:00:01]} 9. Ne5 {[%emt 0:00:01]} e6 {[%emt 0:
00:02]} 10. Nxe4 {[%emt 0:00:02]} fxe4 {[%emt 0:00:02]} 11. Be2 {[%emt 0:00:01]
} Nd7 {[%emt 0:00:02]} 12. b3 {[%emt 0:00:02]} Nxe5 {[%emt 0:00:01]} 13. dxe5 {
[%emt 0:00:01]} b6 {[%emt 0:00:03]} 14. c4 {[%emt 0:00:02]} Qe7 {[%emt 0:00:02]
} 15. a4 {[%emt 0:00:04]} Bb7 {[%emt 0:00:02]} 16. cxd5 {[%emt 0:00:04]} cxd5 {
[%emt 0:00:05]} 17. Ba3 {[%emt 0:00:02]} Qd7 {[%emt 0:00:03]} 18. Bb5 {[%emt 0:
00:07]} Bc6 {[%emt 0:00:02]} 19. Bxc6 {[%emt 0:00:07]} Qxc6 {[%emt 0:00:01]}
20. Rc1 {[%emt 0:00:03]} Qd7 {[%emt 0:00:02]} 21. Bxf8 {[%emt 0:00:08]} Bxf8 {
[%emt 0:00:01]} 22. Qd2 {[%emt 0:00:04]} a5 {[%emt 0:00:05]} 23. g4 {[%emt 0:
00:13]} Bb4 {[%emt 0:00:02]} 24. Qe2 {[%emt 0:00:04]} Bc5 {[%emt 0:00:02]} 25.
Kg2 {[%emt 0:00:01]} Rf8 {[%emt 0:00:05]} 26. h3 {[%emt 0:00:01]} Kg7 {[%emt 0:
00:08]} 27. Rfe1 {[%emt 0:00:04]} Rf7 {[%emt 0:00:04]} 28. Rc2 {[%emt 0:00:10]}
Rf8 {[%emt 0:00:01]} 29. Qd1 {[%emt 0:00:01]} Rf7 {[%emt 0:00:01]} 30. Qc1 {
[%emt 0:00:03]} Qb7 {[%emt 0:00:07]} 31. Kh2 {[%emt 0:00:14]} Bb4 {[%emt 0:00:
08]} 32. Ree2 {[%emt 0:00:05]} Bc5 {[%emt 0:00:01]} 33. Qe1 {[%emt 0:00:14]}
Bb4 {[%emt 0:00:05]} 34. Qg3 {[%emt 0:00:04]} Bc5 {[%emt 0:00:02]} 35. Rf2 {
[%emt 0:00:04]} Qd7 {[%emt 0:00:26]} 36. Rc1 {[%emt 0:00:12]} d4 {[%emt 0:00:
09]} 37. exd4 {[%emt 0:00:06]} Qxd4 {[%emt 0:00:02]} 38. Re2 {[%emt 0:00:17]}
e3 {[%emt 0:00:11]} 39. Rc4 {[%emt 0:00:55]} Qd3 {[%emt 0:00:12]} 40. Qf3 {
[%emt 0:00:16]} Qxb3 {[%emt 0:00:04]} 41. Re4 {[%emt 0:00:03]} Qd5 {[%emt 0:00:
18]} 42. h4 {[%emt 0:00:02]} Kf8 {[%emt 0:00:20]} 43. Kg3 {[%emt 0:00:02]} Qd1
{[%emt 0:00:08]} 44. Kh3 {[%emt 0:00:13]} Qg1 {[%emt 0:00:11]} 45. Qg2 {[%emt
0:00:04]} Qb1 {[%emt 0:00:07]} 46. Qf3 {[%emt 0:00:01]} Rd7 {[%emt 0:00:06]}
47. f5 {[%emt 0:00:03]} gxf5 {[%emt 0:00:23]} 48. gxf5 {[%emt 0:00:00]} Rf7 {
[%emt 0:00:01]} 49. f6 {[%emt 0:00:01]} Qg1 {[%emt 0:00:25]} 50. Rg4 {[%emt 0:
00:03]} Qd1 {[%emt 0:00:07]} 51. Qa8+ {[%emt 0:00:02]} Qd8 {[%emt 0:00:03]} 52.
Qxd8# {[%emt 0:00:02]} 1-0

[Event "Villarobledo Online Qualifyer"]
[Site "playchess.com #155672"]
[Date "2009.05.23"]
[Round "12"]
[White "MiguelM"]
[Black "Molina"]
[Result "0-1"]
[WhiteElo "1701"]
[BlackElo "1555"]
[PlyCount "104"]
[EventDate "2009.05.23"]
[EventType "swiss (blitz)"]

1. e4 {[%emt 0:00:01]} c5 {[%emt 0:00:01]} 2. Nf3 {[%emt 0:00:01]} Nc6 {[%emt
0:00:01]} 3. d4 {[%emt 0:00:02]} cxd4 {[%emt 0:00:01]} 4. Nxd4 {[%emt 0:00:01]}
g6 {[%emt 0:00:01]} 5. Nc3 {[%emt 0:00:01]} Bg7 {[%emt 0:00:01]} 6. Be3 {[%emt
0:00:01]} Nf6 {[%emt 0:00:01]} 7. f3 {[%emt 0:00:01]} Qb6 {[%emt 0:00:08]} 8.
Rb1 {[%emt 0:00:19]} Ng4 {[%emt 0:00:17]} 9. Nxc6 {[%emt 0:00:26]} Nxe3 {[%emt
0:00:02]} 10. Qd2 {[%emt 0:00:19]} Nxf1 {[%emt 0:00:14]} 11. Rxf1 {[%emt 0:00:
03]} bxc6 {[%emt 0:00:04]} 12. Ke2 {[%emt 0:00:37]} Ba6+ {[%emt 0:00:07]} 13.
Ke1 {[%emt 0:00:04]} Bxf1 {[%emt 0:00:02]} 14. Kxf1 {[%emt 0:00:01]} O-O {
[%emt 0:00:12]} 15. g4 {[%emt 0:00:06]} Rab8 {[%emt 0:00:19]} 16. a3 {[%emt 0:
00:08]} a5 {[%emt 0:00:02]} 17. Kg2 {[%emt 0:00:09]} d6 {[%emt 0:00:09]} 18. h4
{[%emt 0:00:01]} Qd4 {[%emt 0:00:08]} 19. Qe2 {[%emt 0:00:13]} Qc5 {[%emt 0:00:
07]} 20. Na4 {[%emt 0:00:19]} Qa7 {[%emt 0:00:19]} 21. h5 {[%emt 0:00:11]} d5 {
[%emt 0:00:17]} 22. e5 {[%emt 0:00:04]} Qd4 {[%emt 0:00:05]} 23. b3 {[%emt 0:
00:14]} Qxe5 {[%emt 0:00:04]} 24. Qf2 {[%emt 0:00:08]} gxh5 {[%emt 0:00:06]}
25. Nc5 {[%emt 0:00:01]} Rbd8 {[%emt 0:00:17]} 26. Re1 {[%emt 0:00:06]} Qf4 {
[%emt 0:00:16]} 27. Rxe7 {[%emt 0:00:06]} hxg4 {[%emt 0:00:04]} 28. Ra7 {[%emt
0:00:05]} Bd4 {[%emt 0:00:07]} 29. Qg3 {[%emt 0:00:02]} Qxg3+ {[%emt 0:00:02]}
30. Kxg3 {[%emt 0:00:01]} Bxc5 {[%emt 0:00:01]} 31. Rxa5 {[%emt 0:00:00]} Bd6+
{[%emt 0:00:07]} 32. Kxg4 {[%emt 0:00:03]} Ra8 {[%emt 0:00:01]} 33. b4 {[%emt
0:00:05]} Rxa5 {[%emt 0:00:02]} 34. bxa5 {[%emt 0:00:01]} Bxa3 {[%emt 0:00:01]}
35. Kf5 {[%emt 0:00:00]} Ra8 {[%emt 0:00:02]} 36. Ke5 {[%emt 0:00:01]} Rxa5 {
[%emt 0:00:02]} 37. Kd4 {[%emt 0:00:00]} h5 {[%emt 0:00:03]} 38. c4 {[%emt 0:
00:01]} dxc4 {[%emt 0:00:02]} 39. Kxc4 {[%emt 0:00:00]} h4 {[%emt 0:00:02]} 40.
Kd3 {[%emt 0:00:01]} h3 {[%emt 0:00:01]} 41. Ke2 {[%emt 0:00:00]} h2 {[%emt 0:
00:01]} 42. Kf2 {[%emt 0:00:01]} h1=Q {[%emt 0:00:02]} 43. Ke2 {[%emt 0:00:01]}
Qg2+ {[%emt 0:00:04]} 44. Ke3 {[%emt 0:00:01]} Bd6 {[%emt 0:00:06]} 45. Ke4 {
[%emt 0:00:03]} Re5+ {[%emt 0:00:02]} 46. Kd4 {[%emt 0:00:01]} Qxf3 {[%emt 0:
00:05]} 47. Kc4 {[%emt 0:00:02]} Qd5+ {[%emt 0:00:03]} 48. Kc3 {[%emt 0:00:02]}
Re3+ {[%emt 0:00:01]} 49. Kc2 {[%emt 0:00:02]} Qg2+ {[%emt 0:00:01]} 50. Kd1 {
[%emt 0:00:02]} Ra3 {[%emt 0:00:08]} 51. Kc1 {[%emt 0:00:04]} f5 {[%emt 0:00:
05]} 52. Kb1 {[%emt 0:00:02]} f4 {[%emt 0:00:01] MiguelM rinde} 0-1